| 000 | 00604nam a2200229Ia 4500 | ||
|---|---|---|---|
| 003 | OSt | ||
| 005 | 20220918173954.0 | ||
| 006 | a|||||r|||| 00| 0 | ||
| 007 | ta | ||
| 008 | 220917b |||||||| |||| 00| 0 eng d | ||
| 024 | _a9,557 | ||
| 037 | _cTextual | ||
| 040 |
_aARTS _cARTS _beng |
||
| 041 |
_2eng _aeng |
||
| 082 | _a264, K3 (2D) | ||
| 100 |
_aGoing Mona E. comp & ed _948646 |
||
| 245 | 0 | _aHospital libraries and work with the disabled | |
| 260 | _c1963 | ||
| 650 | _aLIBRARY SCIENCE | ||
| 942 |
_h264, K3 (2D) _cTEXL _2CC |
||
| 999 |
_c151197 _d151197 |
||